00310nam a22001337a 4500003000400000008004100004020001800045082001500063100002500078245002400103250001100127260003000138300000800168OSt240410b |||||||| |||| 00| 0 eng d a9798891867321 a158.1bLIA aLIBRARY, Mindset Pub aThe Art of Laziness a1st Ed bLibrary Mindset Pubc2023 a110